Library Banner

Analyzing multivariate data (Record no. 32031)

MARC details
000 -LEADER
fixed length control field 00551nam a2200205Ia 4500
001 - CONTROL NUMBER
control field 32270
008 - FIXED-LENGTH DATA ELEMENTS--GENERAL INFORMATION
fixed length control field 140417s9999 xx 000 0 und d
020 ## - INTERNATIONAL STANDARD BOOK NUMBER
International Standard Book Number 0534349749
040 ## - CATALOGING SOURCE
Transcribing agency PK-LaUMT
082 ## - DEWEY DECIMAL CLASSIFICATION NUMBER
Classification number 519.535
Item number LAT-A
100 ## - MAIN ENTRY--PERSONAL NAME
Personal name Carroll, J. Douglas
245 ## - TITLE STATEMENT
Title Analyzing multivariate data
Statement of responsibility, etc Carroll, J. Douglas<>Green, Paul E.<>Lattin, James M.
260 ## - PUBLICATION, DISTRIBUTION, ETC. (IMPRINT)
Place of publication, distribution, etc Australia:
Name of publisher, distributor, etc Thomson,
Date of publication, distribution, etc 2003
300 ## - PHYSICAL DESCRIPTION
Extent 556 p.
546 ## - LANGUAGE NOTE
Language note EN
650 ## - SUBJECT ADDED ENTRY--TOPICAL TERM
Topical term or geographic name as entry element Multivariate analysis
700 ## - ADDED ENTRY--PERSONAL NAME
Personal name Green, Paul E.
700 ## - ADDED ENTRY--PERSONAL NAME
Personal name Lattin, James M.
942 ## - ADDED ENTRY ELEMENTS (KOHA)
Koha item type Books
Holdings
Withdrawn status Lost status Damaged status Not for loan Home library Current library Date acquired Total Checkouts Full call number Barcode Date last seen Price effective from Koha item type
        UMT Main Campus UMT Main Campus 2014-04-17   519.535 LAT-A 34015 2017-11-18 2014-05-03 Books